000 01652nam2a2200265 4500
001 rc\4099593
005 20260624132955.0
035 _a(NLR Aleph) 007974512
090 _a8480661
_c8480661
100 _a20130415d1964 km|y0rusy50 ba
101 0 _arus
102 _aRU
105 _aab i 000yy
200 1 _aБассейн Балтийского моря
_hВып. 0–3
_iБассейн Финского и Рижского заливов от государственной границы с Финляндией до северного водораздела р. Салаца
_f... Северо-Западное управление гидрометеорологической службы и Управление гидрометеорологической службы Эстонской ССР
_gпод редакцией И. В. Кузнецова и Х. Ю. Туулметс
210 _d1964
215 _a333, [2] с., [2] л. карт
_cтабл.
461 0 _1001rc\4368930
_12001#$aГидрологический ежегодник, 1961 г.$e[результаты наблюдений]$fГлавное управление гидрометеорологической службы при Совете Министров СССР$vТ. 1
702 1 _aКузнецов
_bИ. В.
_cгидролог
_3RU\NLR\AUTH\770295436
_4340
712 0 2 _aСеверо-Западное управление гидрометеорологической службы
_3RU\NLR\AUTH\889919935
_4570
801 0 _aRU
_bNLR
_gpsbo
801 1 _aRU
_bELAR
_2rusmarc
852 _aNLR
_j63-9/149
942 _cBOOK
980 _aNB